<?xml version="1.0" encoding="UTF-8"?>
<record
    xmlns:xsi="http://www.w3.org/2001/XMLSchema-instance"
    xsi:schemaLocation="http://www.loc.gov/MARC21/slim http://www.loc.gov/standards/marcxml/schema/MARC21slim.xsd"
    xmlns="http://www.loc.gov/MARC21/slim">

  <leader>00304nam a22000977a 4500</leader>
  <controlfield tag="008">150720b        xxu||||| |||| 00| 0 eng d</controlfield>
  <datafield tag="010" ind1=" " ind2=" ">
    <subfield code="8">HCCRSARF: 032</subfield>
  </datafield>
  <datafield tag="245" ind1=" " ind2=" ">
    <subfield code="a">HIGH COURT CRIMINAL SESSION No.57 of 1975 Uganda Vs Ali Maganda</subfield>
  </datafield>
  <datafield tag="260" ind1=" " ind2=" ">
    <subfield code="a">High Court Kampala</subfield>
  </datafield>
  <datafield tag="500" ind1=" " ind2=" ">
    <subfield code="3">Before Hon.Mr. Justice S.T. Manyindo</subfield>
  </datafield>
  <datafield tag="999" ind1=" " ind2=" ">
    <subfield code="c">7915</subfield>
    <subfield code="d">7915</subfield>
  </datafield>
  <datafield tag="952" ind1=" " ind2=" ">
    <subfield code="0">0</subfield>
    <subfield code="1">0</subfield>
    <subfield code="2">ddc</subfield>
    <subfield code="4">0</subfield>
    <subfield code="6">HCCRSARF_032</subfield>
    <subfield code="7">0</subfield>
    <subfield code="9">14593</subfield>
    <subfield code="a">ARC</subfield>
    <subfield code="b">ARC</subfield>
    <subfield code="c">ARC</subfield>
    <subfield code="d">2015-07-20</subfield>
    <subfield code="l">0</subfield>
    <subfield code="o">HCCRSARF:032</subfield>
    <subfield code="p">3037/2015</subfield>
    <subfield code="r">2015-07-20 00:00:00</subfield>
    <subfield code="w">2015-07-20</subfield>
    <subfield code="y">URC</subfield>
    <subfield code="z">Judgment entered on 7/10/75</subfield>
  </datafield>
  <datafield tag="952" ind1=" " ind2=" ">
    <subfield code="0">0</subfield>
    <subfield code="1">0</subfield>
    <subfield code="2">ddc</subfield>
    <subfield code="4">0</subfield>
    <subfield code="6">HCCRSARF_032</subfield>
    <subfield code="7">0</subfield>
    <subfield code="9">14594</subfield>
    <subfield code="a">ARC</subfield>
    <subfield code="b">ARC</subfield>
    <subfield code="c">ARC</subfield>
    <subfield code="d">2015-07-20</subfield>
    <subfield code="l">0</subfield>
    <subfield code="o">HCCRSARF:032</subfield>
    <subfield code="p">3038/2015</subfield>
    <subfield code="r">2015-07-20 00:00:00</subfield>
    <subfield code="w">2015-07-20</subfield>
    <subfield code="y">URC</subfield>
    <subfield code="z">Judgment entered on 7/10/75</subfield>
  </datafield>
  <datafield tag="952" ind1=" " ind2=" ">
    <subfield code="0">0</subfield>
    <subfield code="1">0</subfield>
    <subfield code="2">ddc</subfield>
    <subfield code="4">0</subfield>
    <subfield code="6">HCCRSARF_032</subfield>
    <subfield code="7">0</subfield>
    <subfield code="9">14596</subfield>
    <subfield code="a">ARC</subfield>
    <subfield code="b">ARC</subfield>
    <subfield code="c">ARC</subfield>
    <subfield code="d">2015-07-20</subfield>
    <subfield code="l">0</subfield>
    <subfield code="o">HCCRSARF:032</subfield>
    <subfield code="p">3039/2015</subfield>
    <subfield code="r">2015-07-20 00:00:00</subfield>
    <subfield code="w">2015-07-20</subfield>
    <subfield code="y">URC</subfield>
    <subfield code="z">Judgment entered on 7/10/75</subfield>
  </datafield>
</record>
